ENGLISH-SWAHILI DICTIONARY OF EAST AFRICA: KAMUSI YA KIINGEREZA-KISWAHILI YA AFRKA MASHARIKI (Record no. 217019)

MARC details
000 -LEADER
fixed length control field 00524nam a22001577a 4500
008 - FIXED-LENGTH DATA ELEMENTS--GENERAL INFORMATION
fixed length control field 260420b |||||||| |||| 00| 0 eng d
020 ## - INTERNATIONAL STANDARD BOOK NUMBER
International Standard Book Number 978-9912-752-22-1
050 ## - LIBRARY OF CONGRESS CALL NUMBER
Classification number PL 8703 .E 54 2005
100 ## - MAIN ENTRY--PERSONAL NAME
Personal name EDITED BY H. D SALLA
245 ## - TITLE STATEMENT
Title ENGLISH-SWAHILI DICTIONARY OF EAST AFRICA: KAMUSI YA KIINGEREZA-KISWAHILI YA AFRKA MASHARIKI
260 ## - PUBLICATION, DISTRIBUTION, ETC.
Place of publication, distribution, etc. DAR ES SALAAM,
Name of publisher, distributor, etc. MBIU PRESS,
Date of publication, distribution, etc. 2025,
300 ## - PHYSICAL DESCRIPTION
Extent XXXiV, 871 P, ILL
650 ## - SUBJECT ADDED ENTRY
Topical term or geographic name entry element 1. English language-Dictionaries-Swahili
942 ## - ADDED ENTRY ELEMENTS (KOHA)
Source of classification or shelving scheme Library of Congress Classification
Koha item type Reference
Holdings
Withdrawn status Lost status Source of classification or shelving scheme Damaged status Not for loan Collection Home library Current library Shelving location Date acquired Inventory number Total checkouts Full call number Barcode Date last seen Copy number Price effective from Koha item type
    Library of Congress Classification     Arts & Social Sciences Kisii University Library Kisii University Library On Display 04/20/2026 113032   PL 8703 .E 54 2025 A001780 04/20/2026 1 04/20/2026 Reference
    Library of Congress Classification     Arts & Social Sciences Kisii University Library Kisii University Library On Display 04/20/2026 113033   PL 8703 .E 54 2025 A001769 04/20/2026 2 04/20/2026 Reference
    Library of Congress Classification     Arts & Social Sciences Kisii University Library Kisii University Library On Display 04/20/2026 113034   PL 8703 .E 54 2025 A001778 04/20/2026 3 04/20/2026 Reference
    Library of Congress Classification     Arts & Social Sciences Kisii University Library Kisii University Library On Display 04/20/2026 113035   PL 8703 .E 54 2025 A001771 04/20/2026 4 04/20/2026 Reference
    Library of Congress Classification     Arts & Social Sciences Kisii University Library Kisii University Library On Display 04/20/2026 113036   PL 8703 .E 54 2025 A001772 04/20/2026 5 04/20/2026 Reference